000 00518nam a22002177a 4500
003 UA-OsUOA
001 63323
007 ta
008 20090925b un ||||| |||| 00| 0 ukr d
090 _a94(477-25)
_bК38
942 _cBK
040 _aUA-OsUOA
_bukr
_cUA-OsUOA
_dUA-OsUOA
245 _aКиїв-герой
300 _a422 с.
955 _a2
041 _aukr
080 _a94(477-25)
260 _aК.
_c1961
650 7 _a9 Географія. Біографії. Історія
_2UDC
999 _c349391
_d349391